00796nam a2200169 a 450000100100000000500170001000800410002704000250006810000330009324500870012626000730021330000360028604900090032295201670033195201110049899900170060900001677620200929164946.0100310s1950 dr ac 000 0 spa d aDO-SdBNPbspacBNPHU1 aSevez H., Francois F.93717610aHistoria del circuito radial La Voz Dominicana (1942-1950) /cF. Francois Sevez H. aCiudad Trujillo, República Dominicana:aEditora del Caribe,c1950. a179 p. :bil., retrs. ;c25 cm. aBNPD 001050718RVaPDbPDcHDd2010-03-10iLF1l0o p16776-10r2020-06-25w2020-06-25y1zPerteneció a la biblioteca personal de Julio Ortega Frier.ZNo se presta 001050718RVaPDbPDcCTd2011-04-19iLF1l0o p16776-20r2020-06-25te. 2w2020-06-25y1ZNo se presta c16308d16308